000 00676nam a2200217Ia 4500
003 OSt
005 20220926045230.0
006 a|||||r|||| 00| 0
007 ta
008 220923b |||||||| |||| 00| 0 eng d
037 _cGeneral Book
040 _aRTL
_cRTL
_beng
041 _2eng
_aeng
082 _ax9(F4):7.235.N49t, J0/GD
110 _aSaurashtra, Industries and Commerce (Department of-)
_9349947
245 0 _aScope of development of salt industry in Saurashtra
260 _c1950
700 _aSaurashtra, Industries and Commerce (Department of-)
_9349948
942 _hx9(F4):7.235.N49t, J0/GD
_cGB
_2CC
999 _c677041
_d677041